[Event "Mumbai Wealth rating op 4th"]
[Site "Mumbai"]
[Date "2018.12.30"]
[Round "1"]
[White "Mayank, Chakraborty"]
[Black "Iyer, AN."]
[Result "1-0"]
[WhiteElo "1691"]
[BlackElo "1217"]
[PlyCount "95"]
[EventDate "2018.12.30"]
[EventType "swiss"]
[EventRounds "9"]
[EventCountry "IND"]
[SourceTitle "CBM 188 Extra"]
[Source "ChessBase"]
[SourceDate "2019.02.26"]
[SourceVersion "1"]
[SourceVersionDate "2019.02.26"]
[SourceQuality "1"]

1. e4 d6 2. d4 e6 3. Nc3 Nf6 4. Bf4 Nbd7 5. Nf3 c6 6. a4 Be7 7. Bd3 Qc7 8. Qd2 e5 9. dxe5 dxe5 10. Be3 Nc5 11. Bxc5 Bxc5 12. Qg5 0-0 13. Qxe5 Qxe5 14. Nxe5 Bd4 15. Nc4 Be6 16. Nd2 Rfe8 17. 0-0 a6 18. Nf3 Rad8 19. Nxd4 Rxd4 20. f3 Red8 21. Rfd1 Kf8 22. Bf1 Ke7 23. Kf2 Rxd1 24. Rxd1 Rxd1 25. Nxd1 Nd7 26. Ke3 Nb6 27. b3 Kd6 28. Nb2 f6 29. Nd3 c5 30. Nb2 f5 31. a5 Nc8 32. Bd3 Ne7 33. Kf4 g6 34. Kg5 Ke5 35. f4+ Kd6 36. e5+ Kd7 37. Kh6 Nc6 38. Kxh7 Nxa5 39. Kxg6 b5 40. h4 c4 41. bxc4 bxc4 42. Bxf5 c3 43. Na4 Bxf5+ 44. Kxf5 Nc4 45. Nxc3 Ne3+ 46. Kg6 Ke6 47. g3 a5 48. h5 1-0

[Event "Mumbai Wealth op"]
[Site "Mumbai"]
[Date "2016.02.01"]
[Round "5"]
[White "Shirodkar, Abhishek"]
[Black "Iyer, AN."]
[Result "1-0"]
[WhiteElo "1009"]
[BlackElo "1468"]
[PlyCount "27"]
[EventDate "2016.01.28"]
[EventType "swiss"]
[EventRounds "9"]
[EventCountry "IND"]
[SourceTitle "CBM 170 Extra"]
[Source "ChessBase"]
[SourceDate "2016.02.25"]
[SourceVersion "1"]
[SourceVersionDate "2016.02.25"]
[SourceQuality "1"]

1. e4 c5 2. c3 d5 3. exd5 Qxd5 4. d4 e6 5. Nf3 Nc6 6. Be2 Nf6 7. 0-0 Be7 8. Be3 cxd4 9. Nxd4 a6 10. Bf3 Qd6 11. Nxc6 bxc6 12. Qxd6 Bxd6 13. Bxc6+ Bd7 14. Bxa8 1-0

[Event "Mumbai Wealth op"]
[Site "Mumbai"]
[Date "2016.01.31"]
[Round "4"]
[White "Iyer, AN."]
[Black "Joglekar, Abhijit"]
[Result "0-1"]
[WhiteElo "1468"]
[BlackElo "1696"]
[PlyCount "83"]
[EventDate "2016.01.28"]
[EventType "swiss"]
[EventRounds "9"]
[EventCountry "IND"]
[SourceTitle "CBM 170 Extra"]
[Source "ChessBase"]
[SourceDate "2016.02.25"]
[SourceVersion "1"]
[SourceVersionDate "2016.02.25"]
[SourceQuality "1"]

1. d4 Nf6 2. c4 e6 3. Nf3 b6 4. Nc3 Ba6 5. b3 Bb4 6. Bd2 d5 7. e3 0-0 8. Bd3 c5 9. Qc2 cxd4 10. exd4 h6 11. 0-0 dxc4 12. bxc4 Nbd7 13. Rfd1 Rc8 14. Qb3 Ba5 15. Rac1 Bb7 16. Be2 a6 17. Nb1 Bxd2 18. Nbxd2 Qe7 19. a3 Rfd8 20. Qb4 Qe8 21. Ne5 a5 22. Qb2 Ba6 23. Ndf3 Qe7 24. Nxd7 Nxd7 25. Ne5 Nxe5 26. dxe5 Qc5 27. Rxd8+ Rxd8 28. g3 Rd4 29. Kg2 Bb7+ 30. Bf3 Bxf3+ 31. Kxf3 Qxe5 32. Qc2 Qc5 33. Kg2 Qxa3 34. Rd1 Qd6 35. Rxd4 Qxd4 36. Qa4 Kh7 37. h4 Qc5 38. g4 h5 39. f3 hxg4 40. fxg4 Qd4 41. Kg3 Qd3+ 42. Kg2 0-1